<?xml version="1.0" encoding="UTF-8"?><?xml-stylesheet type="text/xsl" href="static/style.xsl"?><OAI-PMH xmlns="http://www.openarchives.org/OAI/2.0/" xmlns:xsi="http://www.w3.org/2001/XMLSchema-instance" xsi:schemaLocation="http://www.openarchives.org/OAI/2.0/ http://www.openarchives.org/OAI/2.0/OAI-PMH.xsd"><responseDate>2026-06-01T18:56:55Z</responseDate><request verb="GetRecord" identifier="oai:riuma.uma.es:10630/34375" metadataPrefix="marc">https://riuma.uma.es/rest/oai/request</request><GetRecord><record><header><identifier>oai:riuma.uma.es:10630/34375</identifier><datestamp>2026-02-03T11:25:26Z</datestamp><setSpec>com_10630_2254</setSpec><setSpec>col_10630_37953</setSpec></header><metadata><record xmlns="http://www.loc.gov/MARC21/slim" xmlns:dcterms="http://purl.org/dc/terms/" xmlns:doc="http://www.lyncode.com/xoai" xmlns:xsi="http://www.w3.org/2001/XMLSchema-instance" xsi:schemaLocation="http://www.loc.gov/MARC21/slim http://www.loc.gov/standards/marcxml/schema/MARC21slim.xsd">
   <leader>00925njm 22002777a 4500</leader>
   <datafield ind2=" " ind1=" " tag="042">
      <subfield code="a">dc</subfield>
   </datafield>
   <datafield ind2=" " ind1=" " tag="720">
      <subfield code="a">Smolak-Lozano, Emilia</subfield>
      <subfield code="e">author</subfield>
   </datafield>
   <datafield ind2=" " ind1=" " tag="720">
      <subfield code="a">Balonas, Sara</subfield>
      <subfield code="e">author</subfield>
   </datafield>
   <datafield ind2=" " ind1=" " tag="720">
      <subfield code="a">Ruao, Teresa</subfield>
      <subfield code="e">author</subfield>
   </datafield>
   <datafield ind2=" " ind1=" " tag="260">
      <subfield code="c">2020-07-30</subfield>
   </datafield>
   <datafield ind2=" " ind1=" " tag="520">
      <subfield code="a">The present paper discusses the use of social media when campaigning for social change in the education sector. The main focus is the analysis of the public relation strategies in use: the disclosure of real testimonials and the development of storytelling, as contents that enhance affinity and engagement towards social change. For the purpose of the analysis, two case studies were developed that discuss the campaigns of two non-governmental organizations in the educational sector, via social media: #LeonorDejaLaEscuela by Fundación Secretariado Gitano in Spain, from 2015, and #Amigo-Bagos-Douro by Bagos d’Ouro in Portugal, from 2017. The first one was implemented mainly on Twitter – one of the most well-known social network in use today –, while the other one used WhatsApp – the most popular mobile messenger –, as means of campaigning for broader access to education. The study aimed to answer the following research question: what is the role of social media in nonprofit organizations public relations strategies? This equation expressed two scientific objectives: (1st) to deepen the knowledge on the ability of social media to produce communicative interaction; and (2nd) to (re)frame public relations within communication for development strategies. The analysis demonstrates that social media have greatly contributed to change the way public relations strategies within the third sector are conducted. In fact, social media may play a key role in nonprofit communication: by lobbying for social causes, creating alliances, raising money, mobilizing volunteers, engaging traditional media and community relations, or by advocating for …</subfield>
   </datafield>
   <datafield ind1="8" ind2=" " tag="024">
      <subfield code="a">Smolak Lozano, E., Balonas, S., &amp; Ruão, T. (2020). As estratégias de relações públicas nos média sociais: análise de campanhas para a mudança social no setor da educação em Espanha e Portugal. Comunicação E Sociedade, 175–196.</subfield>
   </datafield>
   <datafield ind1="8" ind2=" " tag="024">
      <subfield code="a">https://hdl.handle.net/10630/34375</subfield>
   </datafield>
   <datafield ind1="8" ind2=" " tag="024">
      <subfield code="a">10.17231/comsoc.0(2020).2746</subfield>
   </datafield>
   <datafield tag="653" ind2=" " ind1=" ">
      <subfield code="a">Relaciones públicas</subfield>
   </datafield>
   <datafield tag="653" ind2=" " ind1=" ">
      <subfield code="a">Redes sociales en Internet</subfield>
   </datafield>
   <datafield tag="653" ind2=" " ind1=" ">
      <subfield code="a">Cambio social</subfield>
   </datafield>
   <datafield tag="653" ind2=" " ind1=" ">
      <subfield code="a">Desarrollo económico y social - Efectos de la educación</subfield>
   </datafield>
   <datafield ind2="0" ind1="0" tag="245">
      <subfield code="a">Public relations strategies in social media: analysis of campaigns for social change in the education sector in Spain and Portugal.</subfield>
   </datafield>
</record>
</metadata></record></GetRecord></OAI-PMH>